Astronomy - Click Quiz - Statistics

General Stats
  • This quiz has been taken 74 times
    73 since last reset
  • The average score is 18 of 33
Answer Stats
Hint Answer % Correct
Halleys comet loops in this many years 76
79%
Why is the universe becoming less dense Expansion of the universe
79%
NASA is located in USA
79%
Another name for the north star Polaris
76%
What kind of electromagnetic wave was detected from the birth of the universe Microwave
73%
Is our sun massive enough to go supernova? No
70%
How many moons does mars have 2
67%
Why is the sky blue and the sun look yellow? Atmosphere
67%
Star that might go ‘boom’ (supernova) in our lifetime Betelgeuse
67%
Is the Parker solar probe still active? Yes
67%
This is moving towards the Milky Way at 110 km/s (estimate) Andromeda
64%
ESA is located in Europe
64%
Saturns largest moon Titan
64%
Is voyager 1 or voyager 2 faster? 1
61%
What are KBO’s (Kiuper belt objects) also referred to as? Trans Neptunian objects
61%
Pluto has this many moons 5
58%
only dwarf planet recognised by NASA that isn’t a TNO Ceres
58%
Name of the Black hole at the center of our galaxy Sagittarius A*
58%
What planet in our system is rolling on its side Uranus
58%
Last Apollo space craft to be manned and land on the moon 17
55%
The biggest Galilean moon Ganymede
52%
First black hole ever photographed M87
48%
How many years before voyager 1 leaves the solar system 30.000 (ish)
45%
This helped astronomers photograph a black hole Accretion disk
42%
This space probe crashed into Saturn, on purpose Cassini
39%
The largest moon in ratio to its planet Charon
39%
What is the constellation Orion also referred to as The Hunter
39%
In M-string theory, how many dimensions are there? 11
36%
Moon thought to have water under the surface Europa
36%
This object has spun itself into an elliptical shape Haumea
30%
This probe landed on the moon titan and took a picture there Huygens
30%
This galaxy is merging with ours (not going to, is) Canis major dwarf galaxy
27%
Why is mercury not tidally locked to the sun? Venus
27%
No matching quizzes found
Score Distribution
Percent of People with Each Score
Percentile by Number Answered
Your Score History
You have not taken this quiz since the last reset